[Event "Tournoi du Cavalier 2010"]
[Site "Cap d'Agde"]
[Date "2010.10.27"]
[Round "5.2"]
[White "Duarte, Eddy-Emerson"]
[Black "Bach, Anatole"]
[Result "1-0"]
[WhiteElo "2033"]
[BlackElo "1889"]
[PlyCount "160"]
[EventDate "2010.??.??"]

1. d4 Nf6 2. Nf3 e6 3. c4 Bb4+ 4. Bd2 Qe7 5. Qc2 Bxd2+ 6. Nbxd2 d6 7. e3 Nbd7
8. Bd3 b6 9. O-O Bb7 10. Rfe1 O-O 11. b4 a5 12. a3 Rfe8 13. e4 e5 14. d5 Nh5
15. g3 Reb8 16. Nb3 Bc8 17. Qc3 a4 18. Nbd2 Nf8 19. Be2 g6 20. Qe3 Ng7 21. Bd3
Bg4 22. Qg5 Qxg5 23. Nxg5 h6 24. Ngf3 Nd7 25. Kg2 Bxf3+ 26. Kxf3 Ra7 27. Kg2
Rf8 28. Nb1 Nh5 29. Nc3 Kg7 30. Nb5 Rb7 31. Bc2 Ra8 32. Rab1 g5 33. Bd1 Kg6 34.
Nc3 Rba7 35. h3 Nhf6 36. Bc2 Kg7 37. Nd1 Ng8 38. Ne3 Ne7 39. Bd1 Rf8 40. Bg4
Nf6 41. Bf5 Nh5 42. Bd7 Nf6 43. Bf5 Rb8 44. Rec1 Rab7 45. Rc2 Kf8 46. f3 Rd8
47. Rh1 Ne8 48. h4 Nf6 49. hxg5 hxg5 50. Rh8+ Neg8 51. Rc1 Rbb8 52. Rch1 Ke7
53. Bh3 Rf8 54. Nf5+ Kd8 55. Kf2 Re8 56. Ne3 Ne7 57. Rxe8+ Kxe8 58. Bf1 Kf8 59.
Rh8+ Nfg8 60. Bd3 Kg7 61. Rh1 Nf6 62. Bc2 c6 63. dxc6 Nxc6 64. Nf5+ Kg8 65.
Bxa4 Nd8 66. Bb5 Ra8 67. a4 Ne6 68. Rd1 g4 69. Rxd6 gxf3 70. Kxf3 Ng5+ 71. Ke3
Ng4+ 72. Kd3 Nf2+ 73. Kc2 Ngxe4 74. Rxb6 Rd8 75. Ne7+ Kf8 76. Nd5 Nxg3 77. a5
Nf5 78. a6 Nd4+ 79. Kb2 Ne4 80. a7 Nc3 1-0

[Event "Tournoi du Cavalier 2010"]
[Site "Cap d'Agde"]
[Date "2010.10.27"]
[Round "5.3"]
[White "Dhaouadi, Nejneddini"]
[Black "Blot, David"]
[Result "1-0"]
[WhiteElo "1950"]
[BlackElo "2040"]
[PlyCount "74"]
[EventDate "2010.??.??"]

1. e4 d6 2. f4 Nf6 3. Nc3 g6 4. Nf3 Bg7 5. d4 c5 6. Bc4 cxd4 7. Nxd4 O-O 8. h3
Nc6 9. Nxc6 bxc6 10. O-O Qb6+ 11. Kh2 Bb7 12. Bb3 d5 13. e5 Nd7 14. Qg4 e6 15.
h4 c5 16. Ba4 Rad8 17. h5 d4 18. Ne2 Qa6 19. Bxd7 Rxd7 20. Ng3 d3 21. Rf2 Rfd8
22. Be3 c4 23. a3 Qa4 24. c3 d2 25. Bd4 Rxd4 26. cxd4 Rxd4 27. Rd1 Qc2 28. Qe2
Qxb2 29. Rxd2 Rxd2 30. Qxd2 Qxa3 31. Qd8+ Bf8 32. f5 exf5 33. hxg6 hxg6 34.
Nxf5 gxf5 35. Qg5+ Bg7 36. Rd2 Be4 37. Rd8+ Qf8 1-0

[Event "Tournoi du Cavalier 2010"]
[Site "Cap d'Agde"]
[Date "2010.10.27"]
[Round "5.4"]
[White "Hauseux, Philippe"]
[Black "Houdeyer, Hendricks"]
[Result "1/2-1/2"]
[WhiteElo "1974"]
[BlackElo "1943"]
[PlyCount "108"]
[EventDate "2010.??.??"]

1. e4 e5 2. Nf3 f5 3. Nxe5 Qf6 4. Nc4 fxe4 5. d4 d5 6. Ne3 Qf7 7. c4 c6 8. cxd5
cxd5 9. Qb3 Nf6 10. Nc3 Nc6 11. Nexd5 Nxd5 12. Nxd5 Bb4+ 13. Nxb4 Qxb3 14. axb3
Nxb4 15. Bb5+ Bd7 16. Bxd7+ Kxd7 17. O-O Rhc8 18. Bd2 a5 19. Rac1 Ke6 20. f3
exf3 21. Rxf3 Rxc1+ 22. Bxc1 Rd8 23. Re3+ Kf6 24. Re4 Nc2 25. Bd2 Kf5 26. Rf4+
Ke6 27. Bc3 g5 28. Re4+ Kf5 29. Re5+ Kg6 30. Re2 Nxd4 31. Re7 b5 32. Bxa5 Ra8
33. Bc3 Nxb3 34. Rb7 Nc5 35. Rxb5 Ne4 36. Kf1 Rc8 37. Rb6+ Kf5 38. Rb5+ Kf4 39.
Rb3 g4 40. g3+ Ke3 41. Be5+ Kd2 42. Bf4+ Kc2 43. Rb8 Rc5 44. Rb7 h5 45. Rc7
Kxb2 46. Rxc5 Nxc5 47. Ke2 Kc2 48. Bh6 Ne6 49. Ke3 Kd1 50. Ke4 Ke2 51. Be3 Kf1
52. Kf5 Nd8 53. Kg6 Kg2 54. Kxh5 Kh3 1/2-1/2

[Event "Tournoi du Cavalier 2010"]
[Site "Cap d'Agde"]
[Date "2010.10.27"]
[Round "5.5"]
[White "Nobili, Denis"]
[Black "Bouthier, Jacques"]
[Result "0-1"]
[WhiteElo "1969"]
[BlackElo "1930"]
[PlyCount "108"]
[EventDate "2010.??.??"]

1. d4 Nf6 2. Nf3 c5 3. d5 g6 4. c4 b5 5. Qc2 Bg7 6. cxb5 Nxd5 7. Qxc5 Bb7 8.
Nc3 d6 9. Qc4 Nxc3 10. bxc3 Nd7 11. Qb4 Rc8 12. Bb2 Nb6 13. e4 O-O 14. Be2 Qc7
15. Rc1 Nc4 16. Bxc4 Qxc4 17. Qxc4 Rxc4 18. Nd2 Ra4 19. Kd1 Rxa2 20. Kc2 Bh6
21. Ra1 Rxb2+ 22. Kxb2 Bxd2 23. Rxa7 Rb8 24. f3 Kf8 25. c4 Be3 26. Ra4 Ke8 27.
Kc3 h5 28. Kd3 Bc5 29. h4 e6 30. Ra2 Ke7 31. Re1 Kd7 32. Kc3 Bb6 33. Ra4 Bf2
34. Rh1 Rc8 35. Ra2 Bg3 36. Kb4 Kc7 37. Re2 Be5 38. Rd1 Bf6 39. g3 Be7 40. Rd3
Kb6 41. Kb3 Kc5 42. Rdd2 Rc7 43. Rd3 Rd7 44. Rc3 Bf6 45. Rcc2 Kb6 46. Red2 Be7
47. Kb4 Rc7 48. Kb3 Rc5 49. Re2 g5 50. hxg5 Rxg5 51. Rg2 d5 52. f4 dxc4+ 53.
Rxc4 Rxb5+ 54. Kc3 Bf6+ 0-1

[Event "Tournoi du Cavalier 2010"]
[Site "Cap d'Agde"]
[Date "2010.10.28"]
[Round "6.1"]
[White "Bouthier, Jacques"]
[Black "Duarte, Eddy-Emerson"]
[Result "0-1"]
[WhiteElo "1930"]
[BlackElo "2033"]
[PlyCount "84"]
[EventDate "2010.??.??"]

1. e4 e5 2. Nf3 Nc6 3. Bc4 Be7 4. c3 Nf6 5. d3 O-O 6. Bg5 d6 7. Nbd2 h6 8. Bh4
a6 9. a4 Kh8 10. O-O Ng8 11. Bxe7 Qxe7 12. Re1 Qd8 13. Nf1 Nge7 14. h3 f5 15.
exf5 Nxf5 16. d4 d5 17. Bb3 e4 18. Ne5 Nh4 19. Qh5 Nxe5 20. dxe5 Rf5 21. Qe2
Qg5 22. Ng3 Rxe5 23. Qe3 Qxe3 24. Rxe3 c6 25. f3 Nf5 26. Nxf5 Bxf5 27. Rae1
Rae8 28. Bc2 Kg8 29. fxe4 Bxe4 30. c4 Kf7 31. cxd5 cxd5 32. Bb3 Kf6 33. Rf1+
Ke6 34. Rf4 Kd6 35. Rf7 R8e7 36. Rxe7 Rxe7 37. g3 d4 38. Re2 d3 39. Rd2 Kc5 40.
Kf2 Kd4 41. Bg8 Re8 42. Bb3 Rf8+ 0-1

[Event "Tournoi du Cavalier 2010"]
[Site "Cap d'Agde"]
[Date "2010.10.28"]
[Round "6.2"]
[White "Chitrit, Norbert"]
[Black "Leriche, Luc"]
[Result "1/2-1/2"]
[WhiteElo "1954"]
[BlackElo "1971"]
[PlyCount "51"]
[EventDate "2010.??.??"]

1. e4 c5 2. Nf3 d6 3. d4 cxd4 4. Nxd4 Nf6 5. Nc3 a6 6. f4 e5 7. Nf3 Nbd7 8. Bd3
b5 9. O-O Be7 10. Qe1 Bb7 11. fxe5 Nxe5 12. Nxe5 dxe5 13. a3 O-O 14. Bg5 Nh5
15. Bxe7 Qxe7 16. Qe3 Nf4 17. g3 Nh3+ 18. Kg2 Ng5 19. h4 Ne6 20. Nd5 Qd6 21.
Kh2 Nc5 22. Nc3 Rac8 23. Rae1 Qe7 24. Rf5 g6 25. Rf2 Ne6 26. Ref1 1/2-1/2

[Event "Tournoi du Cavalier 2010"]
[Site "Cap d'Agde"]
[Date "2010.10.28"]
[Round "6.3"]
[White "Hasbi, Nabil"]
[Black "Renaux, Osmin"]
[Result "1/2-1/2"]
[WhiteElo "1919"]
[BlackElo "1960"]
[PlyCount "47"]
[EventDate "2010.??.??"]

1. e4 e5 2. Nf3 Nc6 3. Bc4 Nf6 4. d3 Be7 5. c3 O-O 6. Bb3 d5 7. Qe2 Re8 8. O-O
Bg4 9. h3 Bxf3 10. Qxf3 d4 11. Nd2 Rf8 12. Re1 Nd7 13. Nf1 a5 14. a4 Nc5 15.
Bc2 Bg5 16. Ng3 Bxc1 17. Rexc1 Qg5 18. Rd1 g6 19. Rab1 Kh8 20. Qg4 Qh6 21. Kf1
Ne6 22. Bb3 Nc5 23. Bc2 Ne6 24. Bb3 1/2-1/2

[Event "Tournoi du Cavalier 2010"]
[Site "Cap d'Agde"]
[Date "2010.10.28"]
[Round "6.4"]
[White "Delseny, Serge"]
[Black "Dhaouadi, Nejneddini"]
[Result "1/2-1/2"]
[WhiteElo "1992"]
[BlackElo "1950"]
[PlyCount "59"]
[EventDate "2010.??.??"]

1. c4 e5 2. Nc3 Nf6 3. Nf3 Nc6 4. g3 Be7 5. Bg2 d6 6. d4 Nxd4 7. Nxd4 exd4 8.
Qxd4 O-O 9. O-O Re8 10. Re1 a6 11. b3 Nd7 12. Nd5 Bf6 13. Nxf6+ Qxf6 14. Bb2
Qxd4 15. Bxd4 Nf8 16. Rad1 Rb8 17. c5 dxc5 18. Bxc5 Be6 19. Rd2 b6 20. Be3 Ng6
21. Red1 Kf8 22. Bc6 Rec8 23. f4 Ke7 24. Bd4 f6 25. Bb2 Kf7 26. Bd7 Bxd7 27.
Rxd7+ Kg8 28. Kf2 Nf8 29. Re7 Ng6 30. Red7 1/2-1/2

[Event "Tournoi du Cavalier 2010"]
[Site "Cap d'Agde"]
[Date "2010.10.28"]
[Round "6.5"]
[White "Marty, Brice"]
[Black "Guerlach, Frederic"]
[Result "0-1"]
[WhiteElo "1935"]
[BlackElo "2042"]
[Annotator ",Joelle"]
[PlyCount "82"]
[EventDate "2010.??.??"]

1. d4 d5 2. c4 e6 3. Nc3 c6 4. Nf3 dxc4 5. e4 b5 6. a4 Bb4 7. Bd2 a5 8. e5 Ne7
9. Ne4 Qd5 10. Nfg5 O-O 11. Bxb4 axb4 12. Qh5 h6 13. Be2 Nf5 14. Bf3 Qxd4 15.
Rd1 g6 16. Nf6+ Kg7 17. Rxd4 gxh5 18. Nxh5+ Kg6 19. Nf4+ Kg7 20. Nh5+ Kh8 21.
Rd8 Rxd8 22. Nxf7+ Kg8 23. Nxd8 Rxa4 24. Nf6+ Kf8 25. O-O Nd4 26. Bh5 Ra7 27.
f4 c3 28. bxc3 bxc3 29. g4 c2 30. g5 hxg5 31. fxg5 Nf5 32. Rc1 b4 33. Rxc2 b3
34. Rd2 Ra1+ 35. Kf2 Ra2 36. Ke1 b2 37. Nxe6+ Ke7 38. Rxb2 Rxb2 39. Nf4 Rxh2
40. Bg4 Be6 41. Bf3 c5 {et gain noir au 58e coup.} 0-1

[Event "Tournoi du Cavalier 2010"]
[Site "Cap d'Agde"]
[Date "2010.10.29"]
[Round "7.1"]
[White "Maillot, Gregory"]
[Black "Duarte, Eddy-Emerson"]
[Result "1/2-1/2"]
[WhiteElo "1988"]
[BlackElo "2033"]
[PlyCount "94"]
[EventDate "2010.??.??"]

1. f4 g6 2. Nf3 Bg7 3. g3 d5 4. Bg2 Nh6 5. O-O O-O 6. d3 c6 7. Nc3 Bg4 8. e4
dxe4 9. dxe4 Nd7 10. Be3 f6 11. h3 Bxf3 12. Bxf3 e5 13. Qd2 Nb6 14. Qf2 Qc7 15.
b3 exf4 16. gxf4 Kh8 17. a4 g5 18. f5 Rfd8 19. Ne2 Nd7 20. Nd4 Nf8 21. Ne2 Nf7
22. Bxa7 Rd2 23. Bb6 Qe5 24. Bd4 Qe7 25. Rac1 g4 26. hxg4 Bh6 27. Qe1 Rxd4 28.
Nxd4 Bxc1 29. Qxc1 Qd6 30. Ne2 Rd8 31. Nf4 Ng5 32. Kg2 Re8 33. Re1 Nd7 34. Nh3
Nxh3 35. Kxh3 Ne5 36. Qf4 Qc5 37. Re2 Qg1 38. Qg3 Qc1 39. Kg2 Rd8 40. Qh4 Kg7
41. Rf2 Qf4 42. Qg3 Qg5 43. Rf1 Rd2+ 44. Rf2 Rd7 45. Be2 Rd2 46. Bf3 Rd7 47.
Be2 Rd2 1/2-1/2

[Event "Tournoi du Cavalier 2010"]
[Site "Cap d'Agde"]
[Date "2010.10.29"]
[Round "7.2"]
[White "Guerlach, Frederic"]
[Black "Chitrit, Norbert"]
[Result "0-1"]
[WhiteElo "2042"]
[BlackElo "1954"]
[PlyCount "70"]
[EventDate "2010.??.??"]

1. Nf3 Nf6 2. c4 d6 3. d4 Nbd7 4. Nc3 e5 5. e4 Be7 6. Be2 O-O 7. O-O Re8 8. Re1
c6 9. Rb1 a6 10. b4 exd4 11. Nxd4 Ne5 12. f3 d5 13. exd5 cxd5 14. c5 Nc6 15. a3
Bd7 16. Bb2 b6 17. cxb6 Qxb6 18. Na4 Qa7 19. Rc1 Nxd4 20. Bxd4 Bxa4 21. Bxa7
Bxd1 22. Bxd1 Rxa7 23. Bb3 Rd8 24. Red1 Kf8 25. g4 g5 26. Rc6 Kg7 27. Bc2 a5
28. Rb6 axb4 29. axb4 Ra2 30. Bf5 Rb2 31. Rb7 Bxb4 32. Kh1 Re8 33. Bd3 Re3 34.
f4 Nxg4 35. fxg5 Rxh2+ 0-1

[Event "Tournoi du Cavalier 2010"]
[Site "Cap d'Agde"]
[Date "2010.10.29"]
[Round "7.3"]
[White "Hauseux, Philippe"]
[Black "Hasbi, Nabil"]
[Result "1-0"]
[WhiteElo "1974"]
[BlackElo "1919"]
[PlyCount "114"]
[EventDate "2010.??.??"]

1. e4 c5 2. Nf3 e6 3. d4 cxd4 4. Nxd4 a6 5. Nc3 Qc7 6. Bd3 Nf6 7. O-O Bb4 8.
Bd2 Nc6 9. Nxc6 dxc6 10. Nb5 axb5 11. Bxb4 Bd7 12. Bc3 e5 13. f4 O-O 14. h3
Qb6+ 15. Kh2 Qe3 16. Rf3 Qc5 17. Bxe5 Ne8 18. Qg1 Qxg1+ 19. Kxg1 f6 20. Bd4 Nc7
21. a3 Ne6 22. Be3 Rfe8 23. Re1 Nc7 24. Bb6 Nd5 25. Bc5 Nc7 26. Kf2 Na6 27. Bb6
c5 28. b4 cxb4 29. axb4 Nxb4 30. Rb1 Ra4 31. Bc5 Nc6 32. Be3 Nb4 33. Bc5 Na6
34. Bd6 Bc6 35. Re3 Rd8 36. e5 Rxf4+ 37. Kg3 fxe5 38. Bxe5 Rb4 39. Rd1 Re8 40.
Bf4 Rxe3+ 41. Bxe3 Nc7 42. Bf5 g6 43. Rd8+ Kf7 44. Bd3 Ne6 45. Rc8 Ra4 46. Rh8
Kg7 47. Rc8 h5 48. Bd2 h4+ 49. Kh2 b4 50. Bc4 Bd7 51. Rb8 Nc5 52. Be3 Ra5 53.
Bd4+ Kh6 54. Bf6 g5 55. Bf7 Bf5 56. Rh8+ Bh7 57. Bc4 Ra2 1-0

[Event "Tournoi du Cavalier 2010"]
[Site "Cap d'Agde"]
[Date "2010.10.29"]
[Round "7.4"]
[White "Leriche, Luc"]
[Black "Renaux, Osmin"]
[Result "1/2-1/2"]
[WhiteElo "1971"]
[BlackElo "1960"]
[PlyCount "65"]
[EventDate "2010.??.??"]

1. e4 c5 2. Nf3 Nc6 3. Bb5 e6 4. Bxc6 bxc6 5. O-O d5 6. e5 Ne7 7. d3 Ng6 8. c4
Be7 9. Nc3 O-O 10. b3 f6 11. exf6 Bxf6 12. Bb2 Bd4 13. Nxd4 cxd4 14. Ne2 e5 15.
Bc1 Qh4 16. Qd2 h6 17. Ba3 Rf7 18. Rae1 Be6 19. f4 Re8 20. fxe5 Nxe5 21. Nf4
Qg5 22. Bd6 Bd7 23. Bxe5 Rxe5 24. Rxe5 Qxe5 25. g3 dxc4 26. bxc4 g5 27. Qe2
Qxe2 28. Nxe2 Rxf1+ 29. Kxf1 Bf5 30. Nc1 Kf7 31. Ke2 Ke6 32. Nb3 Ke5 33. Nd2
1/2-1/2

[Event "Tournoi du Cavalier 2010"]
[Site "Cap d'Agde"]
[Date "2010.10.29"]
[Round "7.5"]
[White "Dhaouadi, Nejneddini"]
[Black "Delaplace, Thomas"]
[Result "1-0"]
[WhiteElo "1950"]
[BlackElo "1967"]
[PlyCount "82"]
[EventDate "2010.??.??"]

1. e4 d6 2. d4 Nf6 3. Nc3 g6 4. h3 Bg7 5. Nf3 c6 6. Be2 b5 7. a3 a6 8. O-O O-O
9. Be3 e5 10. dxe5 dxe5 11. Qc1 Nbd7 12. Rd1 Qe7 13. Bh6 Nc5 14. Bg5 Qc7 15.
Qe3 Ne6 16. Bh6 Re8 17. Bxg7 Kxg7 18. g3 h6 19. Bf1 Nh5 20. Rd2 a5 21. Rad1 b4
22. Na4 Qe7 23. Rd6 bxa3 24. bxa3 Kh7 25. Nxe5 Ng5 26. Nxc6 Qxe4 27. Qxe4 Nxe4
28. Rd8 Re6 29. Bg2 Nhf6 30. Nd4 Rea6 31. Bf1 Bd7 32. Rxa8 Rxa8 33. Nb6 Ra7 34.
Re1 Rb7 35. Nc4 a4 36. Bg2 Rc7 37. Ne5 Nc3 38. Nxf7 Bxh3 39. Bxh3 Rxf7 40. Re3
Nfd5 41. Rd3 Ne4 1-0

[Event "Open Avenir 2010"]
[Site "Cap d'Agde"]
[Date "2010.10.23"]
[Round "1"]
[White "Luneau, G."]
[Black "Thami, T."]
[Result "1/2-1/2"]
[WhiteElo "1793"]
[BlackElo "1520"]
[PlyCount "66"]
[EventDate "2010.10.25"]
[SourceDate "2010.10.25"]

1. Nf3 Nf6 2. c4 g6 3. Nc3 Bg7 4. d4 O-O 5. e4 d6 6. Be2 Bg4 7. h3 Bxf3 8. Bxf3
Nbd7 9. O-O Re8 10. Be3 e5 11. d5 Kh8 12. b4 a6 13. Rc1 Rc8 14. c5 Qe7 15. Na4
dxc5 16. Nxc5 Nxc5 17. Bxc5 Qd7 18. Qd3 Kg8 19. Rfd1 Bf8 20. Be3 Bd6 21. Bg5
Be7 22. Bxf6 Bxf6 23. Bg4 Qd6 24. Bxc8 Rxc8 25. a3 Kg7 26. Qe3 h6 27. Qc5 Qd7
28. d6 c6 29. a4 Kf8 30. b5 Bd8 31. bxc6 Rxc6 32. Qxe5 f6 33. Rxc6 fxe5 1/2-1/2

[Event "Open Avenir 2010"]
[Site "Cap d'Agde"]
[Date "2010.10.23"]
[Round "1"]
[White "Volan"]
[Black "Plessis"]
[Result "0-1"]
[WhiteElo "1499"]
[BlackElo "1762"]
[PlyCount "40"]
[EventDate "2010.10.25"]
[SourceDate "2010.10.25"]

1. Nf3 d5 2. d4 c6 3. e3 Bf5 4. Bd3 Bg6 5. O-O Nf6 6. h3 e6 7. Nbd2 Nbd7 8.
Bxg6 hxg6 9. c4 Bd6 10. Re1 Ne4 11. Qe2 f5 12. Nf1 g5 13. N1h2 g4 14. hxg4
Bxh2+ 15. Nxh2 Qh4 16. Qf3 fxg4 17. Qf4 g5 18. Qxe4 dxe4 19. Kf1 Qxh2 20. g3
Rf8 0-1

[Event "Open Avenir 2010"]
[Site "Cap d'Agde"]
[Date "2010.10.23"]
[Round "1"]
[White "Deveau, H."]
[Black "Quelennec, A."]
[Result "0-1"]
[WhiteElo "1741"]
[BlackElo "1496"]
[PlyCount "56"]
[EventDate "2010.10.25"]
[SourceDate "2010.10.25"]

1. e4 b6 2. d4 Bb7 3. Nc3 e6 4. Nf3 Bb4 5. Bd3 Nf6 6. Bg5 h6 7. Bxf6 Qxf6 8.
O-O Bxc3 9. bxc3 O-O 10. Nd2 d6 11. f4 Nd7 12. e5 Qe7 13. Qe2 Rac8 14. Ne4 f5
15. Nd2 c5 16. a4 d5 17. Ba6 Bxa6 18. Qxa6 cxd4 19. cxd4 Rxc2 20. Nf3 Nb8 21.
Qd3 Rfc8 22. a5 Qb4 23. axb6 R8c3 24. bxa7 Rxd3 25. Rab1 Rb2 26. Rxb2 Qxb2 27.
a8=Q Ra3 28. Qxa3 Qxa3 0-1

[Event "Open Avenir 2010"]
[Site "Cap d'Agde"]
[Date "2010.10.23"]
[Round "1"]
[White "Mangani, JP."]
[Black "Morand, E."]
[Result "1-0"]
[WhiteElo "1491"]
[BlackElo "1760"]
[PlyCount "67"]
[EventDate "2010.10.25"]
[SourceDate "2010.10.25"]

1. e4 d6 2. d4 Nf6 3. Nc3 Nbd7 4. Nf3 e5 5. Bc4 Be7 6. O-O O-O 7. Re1 c6 8. d5
Qc7 9. Qd3 Re8 10. Bg5 Nf8 11. Rad1 Ng6 12. g3 Bg4 13. Re3 h6 14. Bxf6 Bxf6 15.
dxc6 Qxc6 16. Bb5 Qb6 17. Bxe8 Rxe8 18. Nd5 Qd8 19. Nxf6+ Qxf6 20. Qxd6 Qxd6
21. Rxd6 Ne7 22. Red3 Nc6 23. c3 Na5 24. Rd8 Kf8 25. Rxe8+ Kxe8 26. Nxe5 Be6
27. b4 Nc4 28. Nxc4 Bxc4 29. Re3 Ba6 30. e5 Ke7 31. f4 Ke6 32. Kf2 g5 33. Kf3
Kf5 34. g4+ 1-0

[Event "Open Avenir 2010"]
[Site "Cap d'Agde"]
[Date "2010.10.23"]
[Round "1"]
[White "Serot, F."]
[Black "Rochette, P."]
[Result "1-0"]
[WhiteElo "1750"]
[BlackElo "1490"]
[PlyCount "67"]
[EventDate "2010.10.25"]
[SourceDate "2010.10.25"]

1. b4 d5 2. a3 e5 3. e3 Nf6 4. Bb2 e4 5. d3 Bd6 6. Nd2 exd3 7. Bxd3 O-O 8. h3
Nc6 9. Ngf3 Re8 10. c4 Ne5 11. Be2 Bf5 12. Qb3 c6 13. Rd1 Rc8 14. cxd5 cxd5 15.
Nd4 Be4 16. N2f3 Qc7 17. Nb5 Qc6 18. Nfd4 Qb6 19. f3 Bg6 20. Nxd6 Qxd6 21. Nb5
Qb6 22. Bd4 Qd8 23. Qb2 a6 24. Bxe5 axb5 25. Bxf6 Qxf6 26. Qxf6 gxf6 27. Kf2
Re5 28. Bxb5 Rc2+ 29. Be2 Ra2 30. Ra1 Rb2 31. Rhd1 Kf8 32. f4 Rf5 33. Kf1 Bh5
34. g4 1-0

[Event "Open Avenir 2010"]
[Site "Cap d'Agde"]
[Date "2010.10.24"]
[Round "2"]
[White "Plessis"]
[Black "Goldsztejn"]
[Result "1-0"]
[WhiteElo "1768"]
[BlackElo "1571"]
[PlyCount "53"]
[EventDate "2010.10.25"]
[SourceDate "2010.10.25"]

1. e4 e5 2. f4 exf4 3. Nf3 d6 4. Bc4 Bg4 5. O-O g6 6. d4 Bh6 7. Qd3 Nc6 8. Bd5
Nge7 9. h3 Bd7 10. Ne1 O-O 11. Bxf4 Bg7 12. Bxc6 Nxc6 13. Nf3 Re8 14. Nc3 Nb4
15. Qd2 Nc6 16. Bh6 Bxh6 17. Qxh6 f6 18. Nd5 Rxe4 19. Ng5 fxg5 20. Nf6+ Qxf6
21. Rxf6 Nxd4 22. Rxg6+ hxg6 23. Qxg6+ Kh8 24. Qxe4 Nc6 25. Rf1 Re8 26. Qf3 Be6
27. Qh5+ 1-0

[Event "Open Avenir 2010"]
[Site "Cap d'Agde"]
[Date "2010.10.24"]
[Round "2"]
[White "Savalle, M."]
[Black "Serot, F."]
[Result "1-0"]
[WhiteElo "1568"]
[BlackElo "1750"]
[PlyCount "71"]
[EventDate "2010.10.25"]
[SourceDate "2010.10.25"]

1. e4 a6 2. d4 b5 3. a3 Bb7 4. Nc3 e6 5. Nf3 Nf6 6. Bd3 b4 7. axb4 Bxb4 8. Qe2
Bxc3+ 9. bxc3 O-O 10. O-O d6 11. Bg5 e5 12. Rfb1 Qc8 13. Bxf6 gxf6 14. Nh4 Nd7
15. Nf5 Kh8 16. Bc4 Nb6 17. Bb3 Qd7 18. Qe3 Rg8 19. f3 d5 20. Nh6 Rg7 21. Ng4
Qd6 22. exd5 Rag8 23. g3 exd4 24. Qxd4 Rg6 25. c4 c5 26. Qe4 h5 27. Ne3 Bc8 28.
Nf5 Bxf5 29. Qxf5 Rg5 30. Qe4 Re5 31. Qh4 Nd7 32. Re1 Reg5 33. Kf2 Ne5 34. Qf4
Qd7 35. Qxf6+ Kh7 36. Rxe5 1-0

[Event "Open Avenir 2010"]
[Site "Cap d'Agde"]
[Date "2010.10.24"]
[Round "2"]
[White "Raggini, B."]
[Black "Berneron"]
[Result "1-0"]
[WhiteElo "1744"]
[BlackElo "1570"]
[PlyCount "84"]
[EventDate "2010.10.25"]
[SourceDate "2010.10.25"]

1. e4 e6 2. d4 d5 3. Nc3 Nf6 4. Bg5 Bb4 5. e5 h6 6. Bd2 Bxc3 7. bxc3 Ne4 8. Qg4
Kf8 9. Nf3 c5 10. Bd3 Nxd2 11. Kxd2 Qc7 12. h4 c4 13. Be2 Nd7 14. Rh3 Qd8 15.
Rg3 Rg8 16. h5 f5 17. Qh3 Ke8 18. Nh4 Nf8 19. Ng6 Nh7 20. f4 Kd7 21. Re3 Kc7
22. g4 Nf8 23. gxf5 exf5 24. Nxf8 Qxf8 25. e6 Qf6 26. e7 Bd7 27. Bf3 Bc6 28.
Rae1 Rae8 29. Re5 Qd6 30. Qxf5 Qf6 31. Bxd5 Bxd5 32. Rxd5 Qxf5 33. Rxf5 b6 34.
Rfe5 g6 35. hxg6 Rxg6 36. f5 Rg2+ 37. R1e2 Rg7 38. f6 Rf7 39. Re6 a6 40. Rg2 a5
41. Rg7 Rxg7 42. fxg7 Kd7 1-0

[Event "Open Avenir 2010"]
[Site "Cap d'Agde"]
[Date "2010.10.24"]
[Round "2"]
[White "Gautier, A."]
[Black "Denis, P."]
[Result "0-1"]
[WhiteElo "1564"]
[BlackElo "1738"]
[PlyCount "62"]
[EventDate "2010.10.25"]
[SourceDate "2010.10.25"]

1. e4 e6 2. d4 d5 3. Nd2 Nf6 4. e5 Nfd7 5. Bd3 c5 6. c3 Nc6 7. Ngf3 cxd4 8.
cxd4 Qb6 9. O-O Nxd4 10. Nxd4 Qxd4 11. Nf3 Qb6 12. Qa4 Be7 13. Qg4 Bf8 14. b3
Qc7 15. Bf4 g6 16. Rac1 Qa5 17. a4 Qb4 18. Rc7 a6 19. Ng5 Nxe5 20. Qg3 Nxd3 21.
Qxd3 Qxf4 22. Qc3 Qxg5 23. Qxh8 Bd7 24. Rxb7 Rc8 25. Qxh7 Bd6 26. Re1 Ke7 27.
h4 Qf6 28. Qh6 Bf4 29. Qh7 Rh8 30. Qxh8 Qxh8 31. Re2 Qa1+ 0-1

[Event "Open Avenir 2010"]
[Site "Cap d'Agde"]
[Date "2010.10.25"]
[Round "3"]
[White "Porte, J."]
[Black "Plessis"]
[Result "0-1"]
[WhiteElo "1609"]
[BlackElo "1762"]
[Annotator ",Joelle"]
[PlyCount "50"]
[EventDate "2010.10.25"]
[SourceDate "2010.10.26"]

1. e4 e5 2. Nf3 Nc6 3. Bb5 a6 4. Ba4 Nf6 5. O-O b5 6. Bb3 Be7 7. Re1 d6 8. c3
O-O 9. d3 Bb7 10. Bg5 h6 11. Bh4 Qd7 12. Nbd2 Nd8 13. Nf1 g6 14. h3 Ne6 15.
Bxe6 Qxe6 16. Ne3 Nh5 17. Bxe7 Qxe7 18. Nh2 Nf4 19. Nef1 Qg5 20. Ng3 h5 21. Nf3
Qf6 22. h4 Bc8 23. Ng5 Ne6 24. Qf3 Nf4 25. Qd1 Qe7 {temps.} 0-1

[Event "Open Avenir 2010"]
[Site "Cap d'Agde"]
[Date "2010.10.25"]
[Round "3"]
[White "Bandet, R."]
[Black "Jonker, J."]
[Result "1-0"]
[WhiteElo "1751"]
[BlackElo "1610"]
[Annotator ",Joelle"]
[PlyCount "98"]
[EventDate "2010.10.25"]
[SourceDate "2010.10.26"]

1. e4 e6 2. d4 d5 3. exd5 exd5 4. Nf3 Nf6 5. c4 c5 6. Nc3 cxd4 7. Nxd4 Bc5 8.
cxd5 O-O 9. Bc4 Ng4 10. O-O Qf6 11. Nf3 Re8 12. h3 Ne5 13. Nxe5 Qxe5 14. Bd2
Bd6 15. g3 Qd4 16. Bb5 Bd7 17. Bxd7 Nxd7 18. Qg4 Qxg4 19. hxg4 a6 20. Rfe1 Ne5
21. Kg2 Nd3 22. Rxe8+ Rxe8 23. b3 f6 24. Rd1 Kf7 25. Be3 Ne5 26. Ne4 Ba3 27. d6
Nxg4 28. Bc5 Bxc5 29. Nxc5 Rd8 30. Nxb7 Rd7 31. Rc1 Ne5 32. f4 Nd3 33. Rc7 Ke6
34. Kf3 Rxc7 35. dxc7 Kd7 36. Nd6 Kxc7 37. Ne8+ Kc6 38. a3 a5 39. Nxg7 Kd5 40.
Nh5 Ke6 41. Ke3 Nc5 42. b4 axb4 43. axb4 Nd7 44. Ke4 Kf7 45. Kd5 Kg6 46. Kd6
Nb6 47. g4 f5 48. gxf5+ Kxh5 49. b5 Kg4 {et gain des Blancs au 61e coup)} 1-0

[Event "Open Avenir 2010"]
[Site "Cap d'Agde"]
[Date "2010.10.25"]
[Round "3"]
[White "Denis, P."]
[Black "Dieuleveut, F."]
[Result "1/2-1/2"]
[WhiteElo "1738"]
[BlackElo "1589"]
[PlyCount "61"]
[EventDate "2010.10.25"]
[SourceDate "2010.10.26"]

1. e4 c5 2. c3 Nf6 3. e5 Nd5 4. d4 cxd4 5. Nf3 Nc6 6. cxd4 d6 7. Bc4 Nb6 8. Bb5
Bd7 9. Nc3 a6 10. Bd3 Bg4 11. exd6 Qxd6 12. Be3 Bxf3 13. Qxf3 g6 14. Rd1 Bg7
15. Bc2 Nc4 16. Bb3 N6a5 17. Ba4+ Nc6 18. Qe2 b5 19. Bb3 Nxe3 20. fxe3 Na5 21.
O-O Nxb3 22. axb3 O-O 23. Ne4 Qd5 24. Nc5 e5 25. b4 exd4 26. Kh1 Rfd8 27. exd4
Bxd4 28. Rf4 Qe5 29. Re4 Qg7 30. Nxa6 Bxb2 31. Rxd8+ 1/2-1/2

[Event "Open Avenir 2010"]
[Site "Cap d'Agde"]
[Date "2010.10.25"]
[Round "3"]
[White "Guedon, S."]
[Black "Le Gluher, T."]
[Result "1/2-1/2"]
[WhiteElo "1592"]
[BlackElo "1733"]
[PlyCount "81"]
[EventDate "2010.10.25"]
[SourceDate "2010.10.26"]

1. e4 e5 2. Nf3 Nc6 3. Bb5 Nf6 4. O-O d6 5. d4 Bd7 6. Nc3 a6 7. Bxc6 Bxc6 8.
dxe5 dxe5 9. Nxe5 Be7 10. Nxc6 bxc6 11. Bf4 O-O 12. Qxd8 Raxd8 13. Rad1 Rb8 14.
b3 Bb4 15. Ne2 Ba5 16. e5 Nd5 17. c4 Nxf4 18. Nxf4 Rfe8 19. Nd3 Bc3 20. f4 Bd4+
21. Kh1 c5 22. Nc1 Rbd8 23. Ne2 a5 24. g3 g6 25. Nxd4 cxd4 26. Rd3 c5 27. Kg2
Kg7 28. Kf3 h5 29. a3 Rb8 30. h3 Re7 31. g4 Rh8 32. g5 Kh7 33. Ke4 Rd8 34. f5
Rde8 35. fxg6+ fxg6 36. Rff3 Rxe5+ 37. Kf4 Rf5+ 38. Kg3 Ree5 39. h4 Kg7 40. Rf4
Kf7 41. b4 1/2-1/2